000 00508nam a2200145Ia 4500
008 151213s9999 xx 000 0 und d
100 _aজর্জ বার্নাড শো
245 _aশয়তানের সাগরেদ।
_cজর্জ বার্নাড শো
260 _aঢাকা।
_bবাংলা একাডেমী।
_c1984
300 _a8700 p.
650 _aBangla
650 _aনাটোক
700 _aজর্জ বার্নাড শো
999 _c4486
_d4486